000 00151nam a22000857a 4500
082 _a823
100 _aRONNE RANDALL
245 _aPUISIN BOOKS
942 _cBK
999 _c8322
_d8322